000 004870000a22001210004500
090 _aAS
_bSeriadas
245 1 0 _aNueva especie de Atelopus A.M.C. Dumeril 'cia' Bibron 1841 (<Amphibia: Bufonidae>) de la Cordillera Central colombiana
041 0 _aEspañol
700 1 _aRuiz Carranza, Pedro M.
_994187
100 1 _aArdila Robayo, María Cristina
_94334
942 _cARTICULO
773 1 _tRevista de la Academia Colombiana de Ciencias Exactas, Fisicas y Naturales
_332
_h83
_q281-285
_d1998
_g22
999 _c14015
_d14015